Normal view
MARC view
- نصر، رضا محمد مؤلف/عبدالله، عفيف شريف م.مشارك/عطية،عطية محمد م.مشارك
Entry Personal Name
001 - CONTROL NUMBER
- control field: 39154
003 - CONTROL NUMBER IDENTIFIER
- control field: JO-AjAnu
005 - DATE AND TIME OF LATEST TRANSACTION
- control field: 20230606080520.0
008 - FIXED-LENGTH DATA ELEMENTS
- fixed length control field: 230606|| aca||aabn | a|a d
040 ## - CATALOGING SOURCE
- Original cataloging agency: JO-AjAnu
- Transcribing agency: JO-AjAnu
100 ## - HEADING--PERSONAL NAME
- Personal name: نصر، رضا محمد مؤلف/عبدالله، عفيف شريف م.مشارك/عطية،عطية محمد م.مشارك
670 ## - SOURCE DATA FOUND
- Source citation: Work cat.: (JO-AjAnu)20080: نصر، رضا محمد مؤلف/عبدالله، عفيف شريف م.مشارك/عطية،عطية محمد م.مشارك, author, تعليم العلوم والرياضيات للأطفال